100 Best Football Clubs - Statistics

General Stats
  • This quiz has been taken 198 times
  • The average score is 42 of 100
Answer Stats
Number Country Answer % Correct
1 England Liverpool
99%
4 England Manchester City
98%
3 Spain Real Madrid
97%
5 Spain Barca
96%
45 England Manchester United
96%
2 Italy Inter Milan
95%
25 Italy AC Milan
93%
9 Germany Bayern Munich
92%
7 England Arsenal
91%
13 Italy Juventus
90%
11 France PSG
88%
17 Germany Borussia Dortmund
87%
14 England Chelsea
87%
6 Portugal Sporting
86%
18 Portugal Porto
84%
43 Netherlands Ajax
82%
19 Portugal Benfica
80%
29 Italy Napoli
79%
12 Netherlands PSV
79%
15 Spain Atletico Madrid
78%
69 Italy Roma
76%
20 England Tottenham
76%
37 England Aston Villa
73%
16 Italy Lazio
68%
49 France Marseille
67%
10 Germany Leverkusen
65%
60 France Lyon
65%
8 Italy Atalanta
63%
21 France Monaco
63%
26 England Newcastle
63%
27 Netherlands Feyenoord
60%
28 France Lille
59%
38 Scotland Celtic
57%
22 Italy Fiorentina
52%
89 England West Ham
52%
32 Turkey Galatasaray
50%
83 Scotland Rangers
50%
33 Germany Frankfurt
48%
81 England Nottingham Forest
46%
23 Germany Stuttgart
42%
64 Spain Real Betis
41%
87 Saudi Arabia Al Nassr
40%
31 Spain Bilbao
40%
41 Turkey Fenerbahce
40%
24 Germany RB Leipzig
39%
39 Saudi Arabia Al Hilal
37%
47 Italy Bologna
37%
72 Argentina River Plate
37%
48 Spain Real Sociedad
35%
55 Croatia Dinamo Zagreb
34%
71 France Nice
34%
54 Czechia Sparta Prague
34%
40 England Brighton
33%
57 Brazil Flamengo
33%
51 Greece Olympiakos
32%
34 Spain Villareal
32%
88 Portugal Braga
31%
96 Greece AEK
29%
75 Belgium Club Brugge
29%
35 Czechia Slavia Prague
29%
44 Spain Girona
28%
50 Brazil Sao Paulo
28%
78 Italy Torino
28%
82 England Crystal Palace
27%
30 Brazil Palmeiras
27%
86 Germany Werder Bremen
27%
79 France Brest
23%
70 England Fulham
23%
97 Greece PAOK
23%
42 Brazil Botafogo
22%
99 Spain Celta Vigo
21%
58 Sebria Red Star Belgrade
21%
85 France Lens
20%
62 Russia Zenit
20%
95 Ukraine Dynamo Kiev
19%
90 Germany Freiburg
18%
80 England Brentford
17%
65 Brazil Corinthians
17%
93 Germany Monchengladbach
17%
67 England Bournemouth
16%
77 Spain Osasuna
12%
53 Uruguay Penarol
12%
91 Spain Mallorca
11%
84 Czechia Viktoria Plzen
11%
92 Mexico Club America
9%
68 Bulgaria Ludogorets
9%
56 Ukraine Shaktar Donetsk
9%
100 Brazil Fluminese
8%
36 Brazil Internacional
7%
94 Ecuador Independiente
5%
59 Wales The New Saints
4%
52 Brazil Fortaleza
3%
98 South Africa Mamelodi Sundowns
3%
61 Argentina Racing Club
3%
76 Netherlands FC Twente
2%
74 Brazil Atletico Miniero
1%
66 Estonia Flora Tallinn
1%
46 Egypt Ah Ahly
0%
73 Estonia Levadia Tallinn
0%
63 Germany Mainz 05
0%
No matching quizzes found
Score Distribution
Percent of People with Each Score
Percentile by Number Answered
Your Score History
You have not taken this quiz